| 000 | 00950nam a22002897a 4500 | ||
|---|---|---|---|
| 003 | CHAP | ||
| 005 | 20220329133554.0 | ||
| 008 | 971013s1980 r 00010 d | ||
| 010 | _a8045 | ||
| 011 | _a9017 | ||
| 035 | _a8251 | ||
| 040 | _cCHAP | ||
| 082 |
_a634.5 _bM4 |
||
| 100 | 0 | 0 |
_aMedina M., María del Consuelo. _973990 |
| 245 | _aMarco de referencia del cultivo del nogal en la Comarca Lagunera | ||
| 260 |
_aMéxico : _bINIA. Campo Agrícola Experimental La Laguna, _c1980 |
||
| 300 |
_a207 p. _b; gráfs. |
||
| 590 |
_aBATCH-UPD _b10 _c20130110 _lUCH01 _h1057 |
||
| 590 |
_aBATCH-UPD _b10 _c20130410 _lUCH01 _h0652 |
||
| 590 |
_aBATCH-UPD _b10 _c20130914 _lUCH01 _h1840 |
||
| 590 |
_aCONVERSION _b10 _c20130109 _lUCH01 _h1305 |
||
| 650 | 1 | 4 |
_aNogal. _981544 |
| 901 | _aBK | ||
| 942 | _cLIBRO | ||
| 949 |
_a634.5 M4 _bBC _cLIBRO _d33724000001897 _eLIBRO _h87996 _i8251 _si |
||
| 949 |
_a634.5 M4 _bBC _cLIBRO _d33724000205365 _eLIBRO _fc.2 _h87997 _i8251 _si |
||
| 999 |
_c8045 _d8045 |
||